[Event "XXV SuperGM"]
[Site "Morelia/Linares MEX/ESP"]
[Date "2008.02.28"]
[Round "8"]
[White "Ivanchuk, V."]
[Black "Carlsen, Magnus"]
[Result "0-1"]
[WhiteElo "2751"]
[BlackElo "2733"]
[PlyCount "80"]
[EventDate "2008.??.??"]

1. e4 e5 2. Nf3 Nc6 3. Bb5 Nf6 4. O-O Nxe4 5. d4 a6 6. Bxc6 dxc6 7. Qe2 Bf5 8.
Re1 Bb4 9. c3 Bd6 10. Qc2 Qd7 11. dxe5 Bc5 12. Rxe4 O-O-O 13. Nbd2 Qd5 14. Kf1
Rhe8 15. b3 g5 16. Bb2 g4 17. Nd4 Bxd4 18. cxd4 c5 19. Rae1 cxd4 20. Qc4 Bxe4
21. Rxe4 Rxe5 22. Rxg4 Rde8 23. Nf3 Qxc4+ 24. bxc4 Re2 25. Bxd4 Rxa2 26. Rg7 a5
27. Rxf7 Rc2 28. g4 a4 29. g5 a3 30. Rxh7 a2 31. Rh8 Rxh8 32. Bxh8 Rxc4 33. h3
c5 34. Ne1 Rc1 35. g6 Kd7 36. Bb2 Ke6 37. h4 c4 38. h5 c3 39. Bxc1 a1=Q 40. Nd3
Kd5 0-1

[Event "XXV SuperGM"]
[Site "Morelia/Linares MEX/ESP"]
[Date "2008.03.01"]
[Round "10"]
[White "Shirov, A."]
[Black "Leko, P."]
[Result "1/2-1/2"]
[WhiteElo "2755"]
[BlackElo "2753"]
[PlyCount "77"]
[EventDate "2008.??.??"]

1. e4 e5 2. Nf3 Nc6 3. Bb5 a6 4. Ba4 Nf6 5. O-O Be7 6. Re1 b5 7. Bb3 O-O 8. c3
d5 9. exd5 Nxd5 10. Nxe5 Nxe5 11. Rxe5 c6 12. d3 Bd6 13. Re1 Bf5 14. Qf3 Qh4
15. g3 Qh3 16. Bxd5 cxd5 17. Qxd5 Rad8 18. Qg2 Qxg2+ 19. Kxg2 Bxd3 20. Be3 Rfe8
21. Nd2 b4 22. Bb6 Rxe1 23. Rxe1 Rb8 24. Ba5 bxc3 25. Bxc3 f6 26. Ne4 Bf8 27.
f3 Bc4 28. b3 Bb5 29. Ba5 Rc8 30. Nc3 Bc6 31. Rd1 Kf7 32. Ne2 h5 33. Rc1 Bd7
34. Rxc8 Bxc8 35. Bc3 Bd6 36. Kf2 g5 37. Ke3 h4 38. gxh4 Bxh2 39. Ke4 1/2-1/2

[Event "XXV SuperGM"]
[Site "Morelia/Linares MEX/ESP"]
[Date "2008.03.03"]
[Round "11"]
[White "Leko, P."]
[Black "Carlsen, Magnus"]
[Result "1-0"]
[WhiteElo "2753"]
[BlackElo "2733"]
[PlyCount "123"]
[EventDate "2008.??.??"]

1. e4 c5 2. Nf3 Nc6 3. d4 cxd4 4. Nxd4 Nf6 5. Nc3 e5 6. Ndb5 d6 7. Bg5 a6 8.
Na3 b5 9. Nd5 Be7 10. Bxf6 Bxf6 11. c3 Bg5 12. Nc2 Ne7 13. h4 Bh6 14. a4 bxa4
15. Ncb4 O-O 16. Qxa4 Nxd5 17. Nxd5 a5 18. Bb5 Be6 19. Bc6 Rb8 20. b4 Bxd5 21.
Bxd5 axb4 22. cxb4 Qb6 23. Rb1 Kh8 24. O-O f5 25. Qa5 fxe4 26. Qxb6 Rxb6 27.
Rb3 Rc8 28. Ra1 g6 29. Ra8 Rxa8 30. Bxa8 Bf8 31. b5 Be7 32. g3 Bd8 33. Bxe4 d5
34. Bxd5 Rd6 35. Bc6 Bb6 36. Rb2 Rd3 37. Kg2 Kg7 38. Be4 Ra3 39. g4 Bd4 40. Rc2
Rb3 41. Rc7+ Kh8 42. Rc8+ Kg7 43. Rc7+ Kh8 44. Rb7 Rb2 45. h5 Rxf2+ 46. Kg3 Rf4
47. h6 Rf8 48. Rc7 Bf2+ 49. Kg2 Be3 50. g5 {"L'ordinateur en comprend pas que
dans cette position, après 51...Tb8 52.Rf3 Fxg5 53.b6 Fd8 54.Fb7 Fxc7 55.bxc7
Te8 56.c8D Txc8 il y a une forteresse." P. Heine Nielsen.} Rb8 51. Rc3 Bd4 52.
Rc6 Kg8 $2 (52... Be3 $11) 53. Bd5+ Kf8 54. Bc4 Ke7 55. Rc7+ Kd6 56. Rxh7 e4
57. Rg7 Kc5 58. Rc7+ Kd6 59. Rc6+ Ke5 60. Rxg6 Kf5 61. Rd6 Be3 62. h7 1-0

[Event "XXV SuperGM"]
[Site "Morelia/Linares MEX/ESP"]
[Date "2008.03.04"]
[Round "12"]
[White "Carlsen, Magnus"]
[Black "Topalov, V."]
[Result "1-0"]
[WhiteElo "2733"]
[BlackElo "2780"]
[PlyCount "73"]
[EventDate "2008.??.??"]

1. c4 e5 2. Nc3 Nf6 3. Nf3 Nc6 4. d3 d5 5. cxd5 Nxd5 6. e4 Nb6 7. Be2 Be7 8.
O-O O-O 9. a4 Be6 10. Be3 Nd7 11. d4 exd4 12. Nxd4 Nxd4 13. Qxd4 c6 14. a5 Nc5
15. Qe5 Nb3 16. Ra4 Bd6 17. Qh5 g6 18. Qh6 Be5 19. Bg5 Qc7 20. Be3 Nxa5 21. f4
Bg7 22. Qh4 Bb3 23. Rd4 Rad8 24. e5 Rxd4 25. Bxd4 c5 26. Be3 f6 27. Nb5 Qd8 28.
f5 fxe5 29. Bg5 Qb6 30. f6 c4+ 31. Kh1 Qxb5 32. fxg7 Rxf1+ 33. Bxf1 Kxg7 34.
Bd8 Nc6 $4 (34... Kg8 35. Qe7 Qd5 36. Qe8+ Kg7 37. Qe7+ $11) 35. Qf6+ Kg8 36.
Qe6+ Kf8 37. Bg5 (37. Bg5 Kg7 38. Qf6+ Kg8 39. Bh6 Nd4 40. Qg7#) 1-0

[Event "XXV SuperGM"]
[Site "Morelia/Linares MEX/ESP"]
[Date "2008.03.07"]
[Round "14"]
[White "Anand, V."]
[Black "Topalov, V."]
[Result "1/2-1/2"]
[WhiteElo "2799"]
[BlackElo "2780"]
[PlyCount "37"]
[EventDate "2008.??.??"]

1. e4 c5 2. Nf3 d6 3. d4 cxd4 4. Nxd4 Nf6 5. Nc3 a6 6. Be2 e5 7. Nb3 Be7 8. Bg5
Be6 9. Bxf6 Bxf6 10. Qd3 Nc6 11. O-O-O Qb6 12. Qxd6 Be7 13. Nd5 Bxd5 14. Qxd5
O-O 15. Qd2 Qxf2 16. Bc4 Qh4 17. Qe2 Rac8 18. a3 Bf6 19. Kb1 1/2-1/2